| 000 | 00811nam a2200205 a 4500 | ||
|---|---|---|---|
| 003 | 0 | ||
| 005 | 20250412110018.0 | ||
| 008 | 970101s19uu xx 00 eng d | ||
| 050 |
_aPGS LB 1044.87 _b.K49 2004 |
||
| 100 | _aKim, Ki Hun. | ||
| 245 |
_aThe effects of the internet on the study habits of selected grade 6 students in SISC / _cKi Hun Kim. |
||
| 260 |
_aLas PiƱas City, Philippines : _bSouthville International School and Colleges, _c2004. |
||
| 300 |
_a27 pages : _bcolored illustrations ; _c28 cm. |
||
| 504 | _aIncludes bibliographical references. | ||
| 650 | _aInternet in education. | ||
| 650 |
_aStudy habits _vInfluence of internet use. |
||
| 650 |
_aStudents _vAttitudes toward internet as a study tool. |
||
| 650 |
_aInternet _vDistractions in learning environments. |
||
| 942 |
_2lcc _cPASS |
||
| 999 |
_c97003 _d97003 |
||